000 00258nam a2200121Ia 4500
100 _aSimpson/Alan
942 _cBK
654 _aPerfect 5.1
245 _aMastering Word Perfect 5.1
260 _bBPB
_aNew Delhi
_c1991
546 _aENGLISH
999 _c34378
_d34378